Systemy MacOS - Statystyki

Ogólne statystyki
  • Ten quiz został rozwiązany 4 razy
  • Średni wynik to 10 z 31
Statystyki odpowiedzi
Rok System % Poprawnych
1997 Mac OS 8
100%
1999 Mac OS 9
100%
2017 macOS High Sierra
100%
2021 macOS Monterey
100%
2016 macOS Sierra
100%
2020 macOS Big Sur
50%
2019 macOS Catalina
50%
2018 macOS Mojave
50%
2024 macOS Seqouia
50%
2023 macOS Sonoma
50%
2025 macOS Tahoe
50%
2022 macOS Ventura
50%
2011 Mac OS X 10.7 Lion
50%
2012 Mac OS X 10.8 Moutain Lion
50%
2015 OS X El Capitan
50%
2001 Mac OS X 10.0 Cheetah
0%
2001 Mac OS X 10.1 Puma
0%
2002 Mac OS X 10.2 Jaguar
0%
2003 Mac OS X 10.3 Panther
0%
2005 Mac OS X 10.4 Tiger
0%
2007 Mac OS X 10.5 Leopard
0%
2009 Mac OS X 10.6 Snow Leopard
0%
2013 OS X Mavericks
0%
2014 OS X Yosemite
0%
1984 System 1
0%
1985 System 2
0%
1986 System 3
0%
1987 System 4
0%
1987 System 5
0%
1988 System 6
0%
1991 System 7
0%
Nie znaleziono quizów pasujących do podanych kryteriów
Rozkład punktacji
Procent ludzi z każdym wynikiem
Percentyl według liczby udzielonych odpowiedzi
Twoja historia wyników
Nie rozwiązałeś tego quizu